00458 a2200169 450000100060000002000180000604000220002410000220004624000260006824500210009430000080011536200090012365000230013294200070015595201090016299900170027162833 a9788516089443 cAnchieta - Pituba aMarchetta, Melina10aFroi, um exiladolpor10aFroi, um exilado a6160 a2013 4aFicção inglesa cBK 00104070a91.1b91.1d2023-11-21l0o823 M317f MAR FROp16073/PITr2023-11-21 18:31:26w2023-11-21yBK c62833d62833